Государственная и муниципальная власть в Российской Федерации: современное состояние и перспективы развития сборник материалов iii всероссийской научнопрактической конференции (11 декабря 2020 г.)
В сборник включены материалы III Всероссийской научно-практической конференции, проведенной кафедрой административного и финансового права и кафедрой конституционного и муниципального права Чебоксарского кооперативного института (филиала) Российского университета кооперации 11 декабря 2020 года. © К...
Сохранить в:
| Формат: | Книга |
|---|---|
| Язык: | Russian |
| Опубликовано: |
Чебоксары
ЧКИ РУК
2021
|
| Online-ссылка: | https://e.lanbook.com/book/325790 https://e.lanbook.com/img/cover/book/325790.jpg |
| Метки: |
Добавить метку
Нет меток, Требуется 1-ая метка записи!
|
| LEADER | 01773nam0a2200265 i 4500 | ||
|---|---|---|---|
| 001 | 325790 | ||
| 003 | RuSpLAN | ||
| 005 | 20240216150942.0 | ||
| 008 | 240216s2021 ru gs 000 0 rus | ||
| 020 | |a 978-5-907454-22-4 | ||
| 040 | |a RuSpLAN | ||
| 041 | 0 | |a rus | |
| 044 | |a ru | ||
| 080 | |a 342 | ||
| 084 | |a 67.400.6я43 |2 rubbk | ||
| 245 | 0 | 0 | |a Государственная и муниципальная власть в Российской Федерации: современное состояние и перспективы развития |b сборник материалов iii всероссийской научнопрактической конференции (11 декабря 2020 г.) |
| 260 | |a Чебоксары |b ЧКИ РУК |c 2021 | ||
| 300 | |a 252 с. | ||
| 504 | |a Библиогр.: доступна в карточке книги, на сайте ЭБС Лань | ||
| 520 | 8 | |a В сборник включены материалы III Всероссийской научно-практической конференции, проведенной кафедрой административного и финансового права и кафедрой конституционного и муниципального права Чебоксарского кооперативного института (филиала) Российского университета кооперации 11 декабря 2020 года. © Коллектив, 2021 | |
| 521 | 8 | |a Книга из коллекции ЧКИ РУК - Экономика и менеджмент | |
| 521 | 8 | |a СЭБ | |
| 856 | 4 | |u https://e.lanbook.com/book/325790 | |
| 856 | 4 | 8 | |u https://e.lanbook.com/img/cover/book/325790.jpg |
| 953 | |a https://e.lanbook.com/img/cover/book/325790.jpg | ||